| Tag |
First Indicator |
Second Indicator |
Subfields |
| LEADER |
00000cam a2200000 4500 |
| 001 |
in00001297213 |
| 005 |
20151004084913.0 |
| 008 |
831007r19241892enk b 001 0 eng |
| 010 |
|
|
|a 26005566
|
| 035 |
|
|
|a (OCoLC)09990626
|
| 035 |
|
|
|9 AGZ3282AM
|
| 040 |
|
|
|a DLC
|c RRR
|d RRR
|d TXA
|d UtOrBLW
|
| 049 |
|
|
|a TXAM
|
| 050 |
0 |
0 |
|a PE1361
|b .K4
|
| 090 |
|
|
|a PE1361
|b .K4 1924
|
| 100 |
1 |
|
|a Kellner, Leon,
|d 1859-1928.
|
| 245 |
1 |
0 |
|a Historical outlines of English syntax /
|c by Leon Kellner.
|
| 264 |
|
1 |
|a London :
|b Macmillan,
|c 1924.
|
| 300 |
|
|
|a xxii, 336 pages ;
|c 19cm.
|
| 336 |
|
|
|a text
|b txt
|2 rdacontent
|
| 337 |
|
|
|a unmediated
|b n
|2 rdamedia
|
| 338 |
|
|
|a volume
|b nc
|2 rdacarrier
|
| 500 |
|
|
|a "First edition 1892. Reprinted ... 1924."
|
| 504 |
|
|
|a "List of English texts quoted in this book": pages [319]-327.
|
| 650 |
|
0 |
|a English language
|x Syntax.
|
| 650 |
|
0 |
|a English language
|x Grammar, Historical.
|
| 999 |
|
|
|a MARS
|
| 999 |
f |
f |
|s 3d26562d-3ee2-3de9-90db-a99969c15e37
|i 37bdd8e8-91d4-3836-ba79-36cebfa61466
|t 0
|
| 952 |
f |
f |
|p ric
|a Texas A&M University
|b Rellis Campus
|c Joint Library Facility
|d Remote Storage
|t 0
|e PE1361 .K4 1924
|h Library of Congress classification
|i unmediated -- volume
|m A14819920442
|
| 998 |
f |
f |
|a PE1361 .K4 1924
|t 0
|l Remote Storage
|